000 00679nam a2200229Ia 4500
003 OSt
005 20220918191055.0
006 a|||||r|||| 00| 0
007 ta
008 220917b |||||||| |||| 00| 0 eng d
024 _a61,301
037 _cTextual
040 _aARTS
_cARTS
_beng
041 _2eng
_aeng
082 _aQ6.2.M, L7
100 _aDubois Abbe J A
245 0 _aState of christianity in India in witch
_b the conversion of the hindoos in considered as impraricable to which is added
260 _aN.D
_bAssocaited Pub House
_c1977
650 _aRELIGION
942 _hQ6.2.M, L7
_cTEXL
_2CC
999 _c188163
_d188163